000 01350namaa22003131i 4500
005 20260430113759.0
008 260430s1995 ua a|||frm||| 000 0 eng d
040 _aEG-GICUC
_beng
_cEG-GICUC
_dEG-GICUC
_erda
041 0 _aeng
_beng
_bara
049 _aDeposit
097 _aM.Sc
099 _aCai01.12.07.M.Sc.1995.We.C.
100 0 _aWesam Fahmy EL-Shazly Afeify,
_epreparation.
245 1 0 _aCoordination Compounds Of Antipyrine Derivatives With Some Metal Ions /
_cBy Wesam Fahmy EL-Shazly Afeify; Supervision By Prof.Dr. Ezzat Khairy,Prof.Dr. Mohamed Mohamed Shorkry.
246 1 5 _aمتراكبات بعض المرافقات (اللجندات ) المحتوية على بعض مضادات البيرين م بعض أيونات الفلزات /
264 0 _c1995.
300 _a104 pages :
_billustrations ;
_c30 cm. +
336 _2rda content
_atext
337 _2rdamedia
_aUnmediated
338 _2rdacarrier
_avolume
502 _aThesis (M.Sc.)-Cairo University, 1995.
504 _aBibliography: pages 101-104.
653 0 _aChemistry
700 0 _aEzzat Khairy
_ethesis advisor.
700 0 _aMohamed Mohamed Shorkry
_ethesis advisor.
900 _DDepartment of Chemistry
_FFaculty of Science
_UCairo University
_b1995
_cEzzat Khairy
_cMohamed Mohamed Shorkry
905 _aEman El gebaly
942 _2ddc
_cTH
_e21
_n0
999 _c179853